[Event "OLWU 2122 SK Schmiden/Cannstatt - TG Bi"]
[Site "?"]
[Date "2022.02.13"]
[Round "6.2"]
[White "Krockenberger, Martin"]
[Black "Fischer, Andre"]
[Result "1/2-1/2"]
[WhiteElo "2237"]
[BlackElo "2275"]
[PlyCount "203"]
[EventDate "2022.??.??"]
[SourceVersionDate "2021.09.20"]

1. d4 Nf6 2. Bg5 Ne4 3. Bf4 c5 4. d5 e6 5. f3 Qa5+ 6. c3 Nf6 7. e4 exd5 8. exd5
d6 9. Kf2 Be7 10. c4 O-O 11. Nc3 Qd8 12. Bd3 Nh5 13. Bd2 f5 14. f4 g6 15. Nf3
Nd7 16. Re1 Ndf6 17. Kg1 Ng4 18. g3 Ng7 19. Re2 Bd7 20. Qf1 Bf6 21. h3 Nh6 22.
Rae1 Qb6 23. Nd1 Rae8 24. Bc3 Bxc3 25. Nxc3 Nf7 26. Qg2 Rxe2 27. Rxe2 Nh5 28.
Kh2 Qd8 29. Qg1 Re8 30. Qe1 Rxe2+ 31. Qxe2 Qe8 32. Qxe8+ Bxe8 33. Be2 Bd7 34.
Kg2 Nf6 35. Kf2 Kf8 36. Ne1 Ke7 37. Ke3 Nh6 38. a3 Nf7 39. b4 b6 40. Nc2 Nd8
41. Na1 Nb7 42. Nb3 Kf7 43. b5 Ke7 44. Bf3 h6 45. Nd1 Kf7 46. Nf2 Ke7 47. Kd3
Kf7 48. Kc3 Bc8 49. a4 Ke7 50. Kb2 Nd8 51. a5 Nf7 52. a6 Kd8 53. Kc3 Kc7 54.
Nd2 Kd8 55. Kd3 Bd7 56. Nb1 Bc8 57. Nc3 Bd7 58. Ke3 Bc8 59. Be2 h5 60. Kf3 Nh6
61. Bd3 Bd7 62. Nfd1 Bc8 63. Ne3 Bd7 64. Kf2 Bc8 65. Ng2 Nf7 66. Nh4 Nh8 67.
Ke3 Bd7 68. Nf3 Nf7 69. Ng5 Nxg5 70. fxg5 Ng8 71. Ne2 Ke8 72. Nf4 Kf7 73. Be2
Ne7 74. Bd3 Bc8 75. Ng2 Bd7 76. Kf4 Bc8 77. Ne3 Bd7 78. Be2 Bc8 79. Nd1 Bd7 80.
Nc3 Nc8 81. Na4 Kg7 82. Nc3 Kf7 83. Nd1 Ne7 84. Nf2 Nc8 85. h4 Ne7 86. Bd3 Nc8
87. Kf3 Ne7 88. Nh3 Bc8 89. Nf4 Bd7 90. Ke3 Bc8 91. Be2 Bd7 92. Bf3 Bc8 93. Kf2
Bd7 94. Ne2 Bc8 95. Nc3 Bd7 96. Ke3 Nc8 97. Kf4 Kg7 98. Be2 Kf7 99. Bd3 Ne7
100. Nd1 Nc8 101. Ne3 Ne7 102. Be2 1/2-1/2

[Event "OLWU 2122 SK Schmiden/Cannstatt - TG Bi"]
[Site "?"]
[Date "2022.02.13"]
[Round "6.4"]
[White "Trachtmann, Mark"]
[Black "Engelhart, Achim"]
[Result "1/2-1/2"]
[WhiteElo "2238"]
[BlackElo "2057"]
[PlyCount "29"]
[EventDate "2022.??.??"]
[SourceVersionDate "2021.09.20"]

1. d4 d5 2. c4 dxc4 3. e3 e6 4. Bxc4 c5 5. Nf3 a6 6. a4 Nf6 7. O-O Nc6 8. Nc3
Be7 9. d5 exd5 10. Nxd5 Nxd5 11. Bxd5 Nb4 12. e4 Nxd5 13. exd5 O-O 14. Ne5 Bd6
15. Re1 1/2-1/2

[Event "OLWU 2122 SK Schmiden/Cannstatt - TG Bi"]
[Site "?"]
[Date "2022.02.13"]
[Round "6.5"]
[White "Birkenmaier, Rainer"]
[Black "Niklasch, Oliver"]
[Result "1/2-1/2"]
[WhiteElo "2106"]
[BlackElo "2291"]
[PlyCount "29"]
[EventDate "2022.??.??"]
[SourceVersionDate "2021.09.20"]

1. d4 e6 2. Nf3 Nf6 3. Nbd2 d5 4. e3 c5 5. c3 Nc6 6. Bd3 Bd6 7. O-O O-O 8. dxc5
Bxc5 9. e4 e5 10. exd5 Nxd5 11. Ne4 Bb6 12. Bc4 Nf6 13. Qxd8 Bxd8 14. Nxf6+
Bxf6 15. Bg5 1/2-1/2

[Event "OLWU 2122 SK Schmiden/Cannstatt - TG Bi"]
[Site "?"]
[Date "2022.02.13"]
[Round "6.6"]
[White "Thoma, Christian"]
[Black "Namyslo, Holger"]
[Result "1-0"]
[WhiteElo "2177"]
[BlackElo "2182"]
[PlyCount "119"]
[EventDate "2022.??.??"]
[SourceVersionDate "2021.09.20"]

1. d4 d5 2. c4 e6 3. Nc3 Nf6 4. cxd5 exd5 5. Bg5 Nbd7 6. e3 c6 7. Bd3 Be7 8.
Nge2 Nh5 9. Bxe7 Qxe7 10. Qc2 g6 11. O-O-O Nb6 12. Kb1 Be6 13. h3 O-O-O 14. g4
Nf6 15. Nf4 Kb8 16. Na4 Nxa4 17. Qxa4 Bd7 18. Qc2 g5 19. Ng2 h5 20. f3 Rh6 21.
f4 Ne4 22. Bxe4 dxe4 23. fxg5 Qxg5 24. gxh5 Qxh5 25. Rdf1 Re8 26. Qf2 Rh7 27.
h4 Rg7 28. Nf4 Qh6 29. Rfg1 Reg8 30. h5 Bg4 31. Rg3 b6 32. Rc1 Kb7 33. Rgg1 Bd7
34. Rxg7 Qxg7 35. Rh1 Qg4 36. h6 Bf5 37. a3 Qf3 38. Qe1 Qg4 39. Qb4 Qg5 40. Qc4
Qe7 41. d5 Bd7 42. dxc6+ Bxc6 43. h7 Rh8 44. Qd4 Qf8 45. Qf6 Bb5 46. Ng6 Bd3+
47. Ka1 fxg6 48. Qxf8 Rxf8 49. h8=Q Rxh8 50. Rxh8 Kc6 51. Rg8 a5 52. b3 b5 53.
Rxg6+ Kc5 54. Rg5+ Kc6 55. Kb2 Kb6 56. Kc3 Kc6 57. Kd4 Kb6 58. Rg6+ Kb7 59. Kc5
a4 60. b4 1-0

[Event "OLWU 2122 SK Schmiden/Cannstatt - TG Bi"]
[Site "?"]
[Date "2022.02.13"]
[Round "6.7"]
[White "Reimche, Vadim"]
[Black "Eisele, Steffen"]
[Result "0-1"]
[WhiteElo "2047"]
[BlackElo "2240"]
[PlyCount "68"]
[EventDate "2022.??.??"]
[SourceVersionDate "2021.09.20"]

1. d4 d5 2. c4 Nc6 3. e3 e5 4. cxd5 Qxd5 5. Nc3 Bb4 6. Bd2 Bxc3 7. bxc3 Qd6 8.
Bd3 Nf6 9. Ne2 O-O 10. O-O b6 11. a4 Re8 12. Ng3 Be6 13. Qc2 Rad8 14. Bb5 Bd7
15. Rfd1 Ne7 16. Be1 c6 17. Bf1 h5 18. c4 exd4 19. Rxd4 Qc7 20. Bc3 c5 21. Rf4
Ng4 22. Nxh5 Ng6 23. Rxg4 Bxg4 24. Nxg7 Re5 25. h3 Bc8 26. Be2 Rg5 27. Bf6
Rxg2+ 28. Kxg2 Qc6+ 29. Kh2 Qxf6 30. Rg1 Kxg7 31. f4 Kf8 32. Rg3 Qd6 33. f5 Nh4
34. Qc3 Nxf5 0-1

[Event "OLWU 2122 Stuttgarter SF II - SG Schwä"]
[Site "?"]
[Date "2022.02.13"]
[Round "6.1"]
[White "Velicka, Petr"]
[Black "Beyer, Christian"]
[Result "1-0"]
[WhiteElo "2389"]
[BlackElo "2293"]
[PlyCount "105"]
[EventDate "2022.??.??"]
[SourceVersionDate "2021.09.20"]

1. d4 d5 2. c4 e6 3. Nc3 c5 4. cxd5 exd5 5. Nf3 Nc6 6. g3 Nf6 7. Bg2 Be7 8. O-O
O-O 9. dxc5 Bxc5 10. Na4 Be7 11. Be3 Re8 12. Rc1 Bg4 13. Nc5 Qb6 14. Nb3 Qa6
15. a3 Ne4 16. Qxd5 Bf6 17. Qd3 Qxd3 18. exd3 Nd6 19. Nfd4 Nxd4 20. Nxd4 Rad8
21. Rfe1 h5 22. b4 Nf5 23. Nxf5 Bxf5 24. d4 Bxd4 25. Bxd4 Rxe1+ 26. Rxe1 Rxd4
27. Bxb7 h4 28. Kg2 h3+ 29. Kf3 Bd7 30. Ke3 Rc4 31. Kd2 Bf5 32. Rc1 Rd4+ 33.
Ke2 Rd3 34. Rc5 Bg6 35. Ra5 Rb3 36. Rxa7 Bh5+ 37. f3 Rb2+ 38. Ke3 Rxh2 39. g4
Bg6 40. f4 Bb1 41. b5 Rb2 42. a4 h2 43. Ra8+ Kh7 44. Rd8 Rb4 45. Rd4 Rb3+ 46.
Kf2 f5 47. gxf5 Rb2+ 48. Kg3 Bxf5 49. Bg2 Bc8 50. Rc4 Be6 51. Rc5 Bd7 52. Kxh2
Rb4 53. Bc6 1-0

[Event "OLWU 2122 Stuttgarter SF II - SG Schwä"]
[Site "?"]
[Date "2022.02.13"]
[Round "6.2"]
[White "Gabriel, Robert"]
[Black "Zimmermann, Ulrich"]
[Result "0-1"]
[WhiteElo "2199"]
[BlackElo "2273"]
[PlyCount "54"]
[EventDate "2022.??.??"]
[SourceVersionDate "2021.09.20"]

1. d4 d5 2. Nf3 Nf6 3. c4 dxc4 4. e3 b5 5. a4 b4 6. Bxc4 e6 7. b3 Bb7 8. Bb2
Be7 9. Nbd2 O-O 10. O-O c5 11. Rc1 cxd4 12. Nxd4 Nbd7 13. N2f3 Qb6 14. Qe2 Nc5
15. Ne5 Rac8 16. f3 Nd5 17. Rfd1 Rfd8 18. Kh1 Bg5 19. Bxd5 Bxd5 20. Nc4 Qa6 21.
Rc2 Nxb3 22. h4 Bxc4 23. Rxc4 Qxc4 24. Qxc4 Rxc4 25. hxg5 e5 26. Nxb3 Rxd1+ 27.
Kh2 f6 0-1

[Event "OLWU 2122 Stuttgarter SF II - SG Schwä"]
[Site "?"]
[Date "2022.02.13"]
[Round "6.3"]
[White "Jurek, Josef"]
[Black "Forster, Lukas"]
[Result "1/2-1/2"]
[WhiteElo "2195"]
[BlackElo "1897"]
[PlyCount "104"]
[EventDate "2022.??.??"]
[SourceVersionDate "2021.09.20"]

1. Nf3 Nf6 2. c4 g6 3. d4 Bg7 4. g3 O-O 5. Bg2 d6 6. Nc3 c5 7. dxc5 dxc5 8. Be3
Qa5 9. Qa4 Nc6 10. Nd2 Qxa4 11. Nxa4 Nd4 12. Rc1 Ng4 13. Nxc5 Nxe3 14. fxe3 Nf5
15. Kf2 Bh6 16. Rc3 Rb8 17. Rb1 Rd8 18. Nf3 b6 19. Nb3 Bb7 20. Ne1 Nd6 21. Bxb7
Rxb7 22. Nd2 Rbd7 23. Rd3 Rc7 24. b3 Rdc8 25. a4 a6 26. Nc2 b5 27. axb5 axb5
28. Na3 Ra8 29. Nxb5 Nxb5 30. cxb5 Rb8 31. b4 Rxb5 32. Nf3 e5 33. Rdb3 Bf8 34.
Ne1 Rc4 35. Nd3 e4 36. Nf4 Rcxb4 37. Rxb4 Rxb4 38. Rxb4 Bxb4 39. Nd5 Bf8 40.
Nf6+ Kg7 41. Nxe4 f5 42. Nd2 Kf6 43. Kf3 g5 44. h3 h5 45. g4 hxg4+ 46. hxg4
fxg4+ 47. Kxg4 Ke5 48. Kf3 g4+ 49. Kxg4 Bb4 50. Nc4+ Kd5 51. Nb2 Ke4 52. Nd1
Bd2 1/2-1/2

[Event "OLWU 2122 Stuttgarter SF II - SG Schwä"]
[Site "?"]
[Date "2022.02.13"]
[Round "6.4"]
[White "Migl, Dieter"]
[Black "Denisow, Jewgeny"]
[Result "1-0"]
[WhiteElo "2150"]
[BlackElo "2148"]
[PlyCount "43"]
[EventDate "2022.??.??"]
[SourceVersionDate "2021.09.20"]

1. e4 c5 2. Nc3 d6 3. f4 g6 4. Nf3 Bg7 5. Bc4 e6 6. O-O Ne7 7. Qe1 O-O 8. d3 a6
9. a4 Nbc6 10. Qh4 Rb8 11. f5 exf5 12. Bh6 b5 13. axb5 axb5 14. Ng5 bxc4 15.
Bxg7 Kxg7 16. Qxh7+ Kf6 17. e5+ Kxg5 18. h4+ Kg4 19. Qh6 Nd5 20. Nxd5 Nxe5 21.
Ne3+ Kg3 22. Qf4# 1-0

[Event "OLWU 2122 Stuttgarter SF II - SG Schwä"]
[Site "?"]
[Date "2022.02.13"]
[Round "6.5"]
[White "Weiss, Andreas"]
[Black "Seyfried, Claus"]
[Result "1/2-1/2"]
[WhiteElo "2143"]
[BlackElo "2046"]
[PlyCount "32"]
[EventDate "2022.??.??"]
[SourceVersionDate "2021.09.20"]

1. e4 e6 2. d4 d5 3. Nd2 Nc6 4. Ngf3 Nf6 5. e5 Nd7 6. Nb3 f6 7. exf6 Nxf6 8.
Bb5 Bd6 9. Bg5 O-O 10. O-O Bd7 11. Re1 Qe8 12. Bxc6 Bxc6 13. Ne5 Ne4 14. Bh4
Bxe5 15. dxe5 Qg6 16. Nd2 d4 1/2-1/2

[Event "OLWU 2122 Stuttgarter SF II - SG Schwä"]
[Site "?"]
[Date "2022.02.13"]
[Round "6.6"]
[White "Schmid, Wolfgang"]
[Black "Hoenick, Andreas"]
[Result "1/2-1/2"]
[WhiteElo "2148"]
[BlackElo "2128"]
[PlyCount "35"]
[EventDate "2022.??.??"]
[SourceVersionDate "2021.09.20"]

1. e4 c5 2. Nf3 Nc6 3. d4 cxd4 4. Nxd4 e5 5. Nxc6 bxc6 6. Bd3 Nf6 7. Nc3 Be7 8.
O-O O-O 9. Kh1 d5 10. h3 Qc7 11. Bg5 d4 12. Na4 h6 13. Bh4 c5 14. b3 c4 15.
Bxc4 Nxe4 16. Bxe7 Qxe7 17. Bd5 Bb7 18. Bxb7 1/2-1/2

[Event "OLWU 2122 Stuttgarter SF II - SG Schwä"]
[Site "?"]
[Date "2022.02.13"]
[Round "6.7"]
[White "Bergner, Philipp"]
[Black "Gabriel, Josef"]
[Result "1-0"]
[WhiteElo "2096"]
[BlackElo "2051"]
[PlyCount "105"]
[EventDate "2022.??.??"]
[SourceVersionDate "2021.09.20"]

1. d4 g6 2. e4 Bg7 3. Nf3 d6 4. Be3 a6 5. c4 Nf6 6. Nc3 Ng4 7. Bg5 h6 8. Bh4 c5
9. Be2 cxd4 10. Nxd4 Nf6 11. O-O O-O 12. Qc2 Nc6 13. Nxc6 bxc6 14. Rad1 Qa5 15.
a3 Rb8 16. Ra1 g5 17. b4 Qc7 18. Bg3 c5 19. Rab1 Be6 20. Nd5 Bxd5 21. cxd5 a5
22. bxc5 Rxb1 23. Rxb1 Qxc5 24. Qxc5 dxc5 25. f3 Nd7 26. Rb7 Bd4+ 27. Kf1 Ne5
28. Ke1 Ng6 29. Kd2 Ra8 30. a4 Kf8 31. d6 exd6 32. Bxd6+ Kg8 33. Bc4 Nh8 34.
Bd5 Ra6 35. Bc7 Kg7 36. Bb6 h5 37. h3 Kg6 38. Bd8 f5 39. Rb6+ Rxb6 40. Bxb6
fxe4 41. Bxe4+ Kf6 42. Bxa5 Nf7 43. Bc7 Ne5 44. Bd8+ Ke6 45. Bxg5 c4 46. g4 c3+
47. Kc2 hxg4 48. fxg4 Kd6 49. Bf6 Kc5 50. g5 Nc4 51. Be7+ Kb6 52. Kd3 c2 53.
Kxc2 1-0

[Event "OLWU 2122 Stuttgarter SF II - SG Schwä"]
[Site "?"]
[Date "2022.02.13"]
[Round "6.8"]
[White "Schmid, Hartmut"]
[Black "Pohl, Walter"]
[Result "0-1"]
[WhiteElo "2079"]
[BlackElo "2093"]
[PlyCount "96"]
[EventDate "2022.??.??"]
[SourceVersionDate "2021.09.20"]

1. c4 Nc6 2. Nc3 e5 3. g3 d6 4. Bg2 Be6 5. d3 g6 6. e3 Bg7 7. Nge2 Qd7 8. Nd5
f5 9. Bd2 Nf6 10. O-O O-O 11. Qc2 Rab8 12. b4 Ne7 13. Nxf6+ Bxf6 14. Rac1 c6
15. d4 e4 16. f4 b5 17. c5 Bc4 18. Rf2 dxc5 19. bxc5 Rfd8 20. Re1 Qe6 21. Nc1
Qf7 22. Bf1 Be6 23. a3 Rd7 24. Bc3 Nd5 25. Bb2 a5 26. h4 h6 27. Bh3 b4 28. a4
b3 29. Qe2 Nb4 30. Qd2 Be7 31. Qc3 Kh7 32. Kh1 Ra7 33. Rg1 Nd5 34. Qe1 Rb4 35.
Rh2 h5 36. Bf1 Rab7 37. Re2 Rxa4 38. Qd1 Rab4 39. Rgg2 a4 40. Qe1 Bd8 41. Ba3
R4b5 42. Rd2 Ra5 43. Bc4 Ra8 44. Bxd5 Bxd5 45. Rb2 Ba5 46. Qd1 Bb4 47. Bxb4
Rxb4 48. Qd2 Rb5 0-1